[Event "ODJM B 2019"]
[Site "Willingen GER"]
[Date "2019.06.13"]
[Round "7"]
[White "Albayrak, Berrak"]
[Black "Heß, Wadim"]
[Result "0-1"]
[Termination "normal"]
[Board "54"]
[WhiteElo "1491"]
[BlackElo "1360"]
[PlyCount "136"]
[WhiteFideId "16241657"]
[BlackFideId "16266129"]
[EventCountry "GER"]
[EventRounds "9"]
[EventType "swiss"]
[EventDate "2019.06.08"]

1. e4 c5 2. Nf3 a6 3. d4 cxd4 4. Nxd4 e5 5. Nf3 Nf6 6. Nc3 Bb4 7. Bc4 Qc7 8.
Qd3 b5 9. Bb3 Bxc3+ 10. Qxc3 Qxc3+ 11. bxc3 d6 12. Ba3 Kd7 13. Bxf7 Rd8 14. Nd2
Ke7 15. Bb3 Bb7 16. f3 a5 17. Rb1 a4 18. Bd5 Bxd5 19. exd5 Nxd5 20. Rxb5 Ke6
21. Ne4 Ne3 22. Kd2 Nc4+ 23. Kc1 Nxa3 24. Rb7 Rd7 25. Rb4 Nc6 26. Rd1 Nxb4 27.
cxb4 Rc8 28. Rd2 Nb5 29. Kb2 a3+ 30. Kb3 Ra7 31. c3 Rac7 32. Rd3 h6 33. h4 d5
34. Nc5+ Rxc5 35. bxc5 Rxc5 36. Kb4 Kd6 37. c4 Nd4 38. cxd5 Rxd5 39. Rc3 Ke6
40. Ka4 Ne2 41. Rxa3 Rd4+ 42. Kb5 Rxh4 43. Re3 Nd4+ 44. Ka5 Rh2 45. f4 Rxg2 46.
a4 Re2 47. Rxe2 Nxe2 48. fxe5 Nd4 49. Kb4 Kxe5 50. Kc5 Nb3+ 51. Kb4 Kd6 52.
Kxb3 Kc6 53. Kc4 Kb6 54. Kd4 Ka5 55. Ke4 g5 56. Kf5 Kxa4 57. Kg6 Kb4 58. Kf5
Kc4 59. Kg4 Kd4 60. Kf3 h5 61. Kf2 Ke4 62. Kg3 Ke3 63. Kg2 Kf4 64. Kf2 h4 65.
Kg2 Kg4 66. Kf2 Kh3 67. Kg1 Kg3 68. Kh1 Kf2 0-1

[Event "ODJM B 2019"]
[Site "Willingen GER"]
[Date "2019.06.13"]
[Round "7"]
[White "Richter, Tim"]
[Black "Rohde, Ragnar"]
[Result "1-0"]
[Termination "normal"]
[Board "55"]
[WhiteElo "1473"]
[BlackElo "1501"]
[PlyCount "49"]
[WhiteFideId "16272641"]
[BlackFideId "16287495"]
[EventCountry "GER"]
[EventRounds "9"]
[EventType "swiss"]
[EventDate "2019.06.08"]

1. d4 Nf6 2. c4 g6 3. Nf3 Bg7 4. Nc3 O-O 5. e4 d6 6. Be2 c6 7. O-O Qc7 8. Be3
e5 9. d5 Nbd7 10. h3 cxd5 11. cxd5 Nc5 12. Rc1 b6 13. b4 Ncd7 14. Nb5 Qd8 15.
Nxd6 Qe7 16. Nxc8 Raxc8 17. Rxc8 Rxc8 18. Nd2 Qxb4 19. Qb3 Bf8 20. Rb1 Qxb3 21.
axb3 Bb4 22. Bf3 Bxd2 23. Bxd2 Nc5 24. Rc1 Kf8 25. b4 1-0

[Event "ODJM B 2019"]
[Site "Willingen GER"]
[Date "2019.06.13"]
[Round "7"]
[White "Schwenke, Mia"]
[Black "Lipinsky, Pierre"]
[Result "0-1"]
[Termination "normal"]
[Board "56"]
[WhiteElo "1136"]
[BlackElo "1353"]
[PlyCount "96"]
[WhiteFideId "16263332"]
[BlackFideId "16206290"]
[EventCountry "GER"]
[EventRounds "9"]
[EventType "swiss"]
[EventDate "2019.06.08"]

1. e4 e5 2. Nf3 Nc6 3. Bc4 Nf6 4. Ng5 d5 5. exd5 Na5 6. Bb5+ c6 7. dxc6 bxc6 8.
Qf3 Bd7 9. Bd3 Bc5 10. O-O O-O 11. Nc3 Re8 12. Nce4 h6 13. Nxf7 Bxf2+ 14. Rxf2
Kxf7 15. Nd6+ Kg8 16. Nxe8 Qxe8 17. Be4 Bg4 18. Qe3 Nc4 19. Qb3 Be6 20. Qd3 Nd6
21. Bh7+ Nxh7 22. Qxd6 Bd5 23. Re2 e4 24. d3 Qh5 25. Re1 exd3 26. cxd3 Qg4 27.
Qg3 Qd4+ 28. Qf2 Qxd3 29. Be3 Rf8 30. Qe2 Qg6 31. Rf1 Re8 32. Rf2 Qe4 33. Re1
Bxa2 34. Bxa7 Qxe2 35. Rfxe2 Rxe2 36. Rxe2 Kf7 37. b4 Bc4 38. Re3 Nf6 39. Bc5
Nd5 40. Re4 Bb5 41. Kf2 Ba4 42. Kg3 g6 43. Kh4 g5+ 44. Kh3 h5 45. Re5 Kf6 46.
Re8 h4 47. Kg4 Bd1+ 48. Kh3 Nf4# 0-1

[Event "ODJM B 2019"]
[Site "Willingen GER"]
[Date "2019.06.13"]
[Round "7"]
[White "Panjer, Sidney"]
[Black "Kung, Fanny"]
[Result "1-0"]
[Termination "normal"]
[Board "57"]
[WhiteElo "1490"]
[BlackElo "1510"]
[PlyCount "133"]
[WhiteFideId "16207041"]
[BlackFideId "12987689"]
[EventCountry "GER"]
[EventRounds "9"]
[EventType "swiss"]
[EventDate "2019.06.08"]

1. e4 d5 2. exd5 Qxd5 3. Nc3 Qd6 4. Nf3 a6 5. d4 Nf6 6. Bg5 Bg4 7. Be2 Nc6 8.
Be3 e6 9. Qd2 Be7 10. O-O-O O-O-O 11. h3 Bf5 12. Bd3 Bxd3 13. Qxd3 Nb4 14. Qc4
Nfd5 15. Kb1 Bf6 16. Ne4 Qe7 17. Nxf6 Nxf6 18. Bg5 Nc6 19. Ne5 Rd6 20. Qc5 Nxe5
21. Qxe5 Rd5 22. Bxf6 Qxf6 23. Qxf6 gxf6 24. c4 Rg5 25. g3 Rd8 26. Kc2 c6 27.
Rhe1 b5 28. b3 Kc7 29. Re4 bxc4 30. bxc4 Ra5 31. Ra1 h5 32. Rf4 f5 33. Rh4 Rh8
34. a4 Kd7 35. c5 Ke7 36. Kc3 Rb8 37. Rxh5 Kf6 38. Rh4 Kg6 39. Rf4 Kg5 40. Rf3
e5 41. Kc4 exd4 42. Rd3 Rb2 43. f4+ Kf6 44. Rxd4 Rb4+ 45. Kc3 Raxa4 46. Rxa4
Rxa4 47. Rd6+ Ke7 48. Kb2 Rc4 49. Rxc6 Kd7 50. Rd6+ Ke7 51. Rd5 Ke6 52. Re5+
Kf6 53. h4 Kg6 54. h5+ Kxh5 55. Rxf5+ Kg6 56. g4 f6 57. Kb3 Re4 58. c6 Re8 59.
Kb4 Rc8 60. Rc5 Kf7 61. Ka5 Ke7 62. Kb6 Kd6 63. c7 Kd7 64. Kb7 a5 65. Rd5+ Ke6
66. Kxc8 Kxd5 67. Kb7 1-0

[Event "ODJM B 2019"]
[Site "Willingen GER"]
[Date "2019.06.13"]
[Round "7"]
[White "Leithoff, Hans-Georg"]
[Black "Fricke, Edna Marlene"]
[Result "0-1"]
[Termination "normal"]
[Board "58"]
[WhiteElo "1527"]
[BlackElo "1350"]
[PlyCount "78"]
[WhiteFideId "16223918"]
[BlackFideId "12988839"]
[EventCountry "GER"]
[EventRounds "9"]
[EventType "swiss"]
[EventDate "2019.06.08"]

1. e4 c5 2. Nf3 Nc6 3. d4 cxd4 4. Nxd4 g6 5. c4 Bg7 6. Nc2 Nf6 7. Nc3 a6 8. Be2
d6 9. Be3 Bd7 10. O-O O-O 11. f3 Rc8 12. Qd2 Ne5 13. b3 Qa5 14. Rfd1 Rfe8 15.
Nd5 Qxd2 16. Rxd2 Nxd5 17. exd5 b5 18. cxb5 Bxb5 19. Bxb5 axb5 20. Rad1 Rc3 21.
Bd4 Rc7 22. Bxe5 Bxe5 23. Nd4 Bxd4+ 24. Rxd4 Rec8 25. R4d2 Rc2 26. Kf2 e6 27.
dxe6 fxe6 28. Ke2 d5 29. Rxc2 Rxc2+ 30. Rd2 Rxd2+ 31. Kxd2 b4 32. Kd3 e5 33.
Kc2 Kf7 34. g3 g5 35. g4 Ke6 36. Kd3 Kd6 37. Kd2 e4 38. fxe4 dxe4 39. Ke2 Kd5
0-1

[Event "ODJM B 2019"]
[Site "Willingen GER"]
[Date "2019.06.13"]
[Round "7"]
[White "Pham, Anh Tuan"]
[Black "Sarian, Gaya"]
[Result "1/2-1/2"]
[Termination "normal"]
[Board "59"]
[WhiteElo "1300"]
[BlackElo "1452"]
[PlyCount "80"]
[WhiteFideId "16245229"]
[BlackFideId "16266161"]
[EventCountry "GER"]
[EventRounds "9"]
[EventType "swiss"]
[EventDate "2019.06.08"]

1. e4 e5 2. Nf3 Nc6 3. d4 exd4 4. Nxd4 Nxd4 5. Qxd4 Qe7 6. Nc3 d6 7. Bd3 Be6 8.
O-O Qf6 9. Qxf6 Nxf6 10. Nb5 Kd8 11. h3 Be7 12. Re1 Nd7 13. Nd4 Ne5 14. Nxe6+
fxe6 15. f4 Nxd3 16. cxd3 Rf8 17. Kh2 Kd7 18. Bd2 Rae8 19. Rf1 g6 20. Be3 Rf7
21. Rf3 Ref8 22. Raf1 c5 23. f5 g5 24. fxe6+ Kxe6 25. Rxf7 Rxf7 26. Rxf7 Kxf7
27. g4 a6 28. b3 Ke6 29. d4 b5 30. Kg3 c4 31. Kf2 cxb3 32. axb3 a5 33. Ke2 d5
34. e5 Kf7 35. Kd2 Kg6 36. Bf2 a4 37. Kc2 a3 38. Kb1 h6 39. Ka2 Kf7 40. Be1 Ke6
1/2-1/2

[Event "ODJM B 2019"]
[Site "Willingen GER"]
[Date "2019.06.14"]
[Round "8"]
[White "Großmann, Piet"]
[Black "Astner, Sebastian"]
[Result "1/2-1/2"]
[Termination "normal"]
[Board "1"]
[WhiteElo "1801"]
[BlackElo "1870"]
[WhiteClock "00:32:36"]
[BlackClock "00:43:40"]
[PlyCount "62"]
[WhiteFideId "16234359"]
[BlackFideId "12979422"]
[EventCountry "GER"]
[EventRounds "9"]
[EventType "swiss"]
[EventDate "2019.06.08"]

1. e4 {[%clk 1:30:59]} 1... c6 {[%clk 1:30:55]} 2. d4 {[%clk 1:31:24]} 2... d5
{[%clk 1:31:22]} 3. Nc3 {[%clk 1:31:32]} 3... dxe4 {[%clk 1:31:44]} 4. Nxe4 {
[%clk 1:31:49]} 4... Nf6 {[%clk 1:32:06]} 5. Nxf6+ {[%clk 1:32:06]} 5... exf6 {
[%clk 1:32:29]} 6. c3 {[%clk 1:31:24]} 6... Bd6 {[%clk 1:32:42]} 7. Bd3 { [%clk
1:31:36]} 7... O-O {[%clk 1:32:36]} 8. Qc2 {[%clk 1:31:25]} 8... h6 { [%clk
1:32:14]} 9. Be3 {[%clk 1:30:33]} 9... Be6 {[%clk 1:31:13]} 10. Ne2 { [%clk
1:27:45]} 10... Nd7 {[%clk 1:30:00]} 11. c4 {[%clk 1:18:10]} 11... Bb4+ { [%clk
1:27:05]} 12. Bd2 {[%clk 1:18:25]} 12... Bxd2+ {[%clk 1:26:48]} 13. Qxd2 {[%clk
1:18:48]} 13... Nb6 {[%clk 1:26:13]} 14. Qc2 {[%clk 1:17:57]} 14... Qe7 {[%clk
1:21:54]} 15. O-O {[%clk 1:16:51]} 15... Rad8 {[%clk 1:20:01]} 16. Rad1 {[%clk
1:14:27]} 16... Qc7 {[%clk 1:17:57]} 17. h3 {[%clk 1:11:37]} 17... f5 { [%clk
1:14:23]} 18. b3 {[%clk 1:05:35]} 18... f4 {[%clk 1:11:53]} 19. Be4 { [%clk
1:05:17]} 19... f5 {[%clk 1:08:38]} 20. Bf3 {[%clk 1:04:26]} 20... g5 { [%clk
1:05:27]} 21. Rfe1 {[%clk 0:51:14]} 21... Bc8 {[%clk 1:02:22]} 22. Nc3 { [%clk
0:49:28]} 22... Qg7 {[%clk 0:55:55]} 23. d5 {[%clk 0:43:23]} 23... g4 { [%clk
0:53:00]} 24. hxg4 {[%clk 0:42:51]} 24... fxg4 {[%clk 0:53:25]} 25. Be4 { [%clk
0:41:57]} 25... cxd5 {[%clk 0:53:28]} 26. Nxd5 {[%clk 0:40:33]} 26... Nxd5
{[%clk 0:53:33]} 27. Bxd5+ {[%clk 0:40:58]} 27... Kh8 {[%clk 0:53:19]} 28. Qe4
{[%clk 0:40:12]} 28... Bf5 {[%clk 0:45:50]} 29. Qe7 {[%clk 0:34:47]} 29... Rd7
{[%clk 0:43:35]} 30. Qxg7+ {[%clk 0:35:04]} 30... Kxg7 {[%clk 0:43:40]} 31. Re5
{[%clk 0:32:36]} 31... b6 1/2-1/2

[Event "ODJM B 2019"]
[Site "Willingen GER"]
[Date "2019.06.14"]
[Round "8"]
[White "Matthes, Benjamin"]
[Black "Wichert, Eddi"]
[Result "1-0"]
[Termination "normal"]
[Board "2"]
[WhiteElo "1737"]
[BlackElo "1702"]
[WhiteClock "00:47:08"]
[BlackClock "01:00:29"]
[PlyCount "23"]
[WhiteFideId "16227298"]
[BlackFideId "16266048"]
[EventCountry "GER"]
[EventRounds "9"]
[EventType "swiss"]
[EventDate "2019.06.08"]

1. e4 {[%clk 1:30:38]} 1... e6 {[%clk 1:30:55]} 2. Nf3 {[%clk 1:26:27]} 2... d5
{[%clk 1:31:14]} 3. e5 {[%clk 1:26:46]} 3... c5 {[%clk 1:31:34]} 4. b4 { [%clk
1:27:05]} 4... c4 {[%clk 1:32:01]} 5. c3 {[%clk 1:24:21]} 5... a5 { [%clk
1:32:17]} 6. b5 {[%clk 1:19:15]} 6... Bc5 {[%clk 1:23:55]} 7. d4 { [%clk
1:16:07]} 7... cxd3 {[%clk 1:22:55]} 8. Bxd3 {[%clk 1:16:09]} 8... Ne7 { [%clk
1:23:12]} 9. O-O {[%clk 1:14:33]} 9... O-O {[%clk 1:23:15]} 10. Bxh7+ { [%clk
1:01:32]} 10... Kh8 {[%clk 1:03:07]} 11. Bd3 {[%clk 0:57:56]} 11... g6 { [%clk
1:00:29]} 12. Bh6 {[%clk 0:47:08]} 1-0

[Event "ODJM B 2019"]
[Site "Willingen GER"]
[Date "2019.06.14"]
[Round "8"]
[White "Dartmann Aubanell, Catriona"]
[Black "Petersen, Finn Christopher"]
[Result "0-1"]
[Termination "normal"]
[Board "3"]
[WhiteElo "1728"]
[BlackElo "1780"]
[WhiteClock "00:11:05"]
[BlackClock "00:04:52"]
[PlyCount "70"]
[WhiteFideId "24585270"]
[BlackFideId "12964840"]
[EventCountry "GER"]
[EventRounds "9"]
[EventType "swiss"]
[EventDate "2019.06.08"]

1. e4 {[%clk 1:30:57]} 1... e5 {[%clk 1:30:56]} 2. Nf3 {[%clk 1:31:19]} 2...
Nc6 {[%clk 1:31:21]} 3. Bb5 {[%clk 1:31:44]} 3... a6 {[%clk 1:31:37]} 4. Ba4 {
[%clk 1:32:08]} 4... g6 {[%clk 1:31:53]} 5. O-O {[%clk 1:31:56]} 5... Bg7 {
[%clk 1:30:45]} 6. c3 {[%clk 1:31:42]} 6... d6 {[%clk 1:30:45]} 7. d4 { [%clk
1:25:15]} 7... Bd7 {[%clk 1:27:39]} 8. Re1 {[%clk 1:21:47]} 8... Nge7 { [%clk
1:27:15]} 9. d5 {[%clk 1:15:01]} 9... Nb8 {[%clk 1:26:06]} 10. Bc2 { [%clk
1:14:37]} 10... h6 {[%clk 1:20:41]} 11. Be3 {[%clk 1:12:47]} 11... g5 { [%clk
1:07:07]} 12. Nbd2 {[%clk 1:09:05]} 12... Ng6 {[%clk 0:59:29]} 13. Nf1 { [%clk
1:04:31]} 13... Nf4 {[%clk 0:54:34]} 14. Ng3 {[%clk 1:01:47]} 14... h5 { [%clk
0:29:29]} 15. Nf5 {[%clk 0:57:33]} 15... Bxf5 {[%clk 0:28:03]} 16. exf5 { [%clk
0:57:56]} 16... Nd7 {[%clk 0:25:23]} 17. Qd2 {[%clk 0:52:16]} 17... Qe7 { [%clk
0:19:17]} 18. Nxg5 {[%clk 0:50:57]} 18... Qxg5 {[%clk 0:17:10]} 19. Bxf4 {[%clk
0:51:19]} 19... Qe7 {[%clk 0:16:20]} 20. Bg5 {[%clk 0:47:01]} 20... f6 { [%clk
0:16:40]} 21. Be3 {[%clk 0:45:05]} 21... O-O-O {[%clk 0:15:58]} 22. h4 22...
Rdg8 {[%clk 0:15:24]} 23. b4 {[%clk 0:31:30]} 23... Bf8 {[%clk 0:14:06]} 24. a4
{[%clk 0:26:15]} 24... Qg7 {[%clk 0:14:12]} 25. g3 {[%clk 0:26:20]} 25... Qg4
{[%clk 0:13:47]} 26. Kh2 {[%clk 0:25:40]} 26... Be7 {[%clk 0:08:55]} 27. Qd3
{[%clk 0:19:41]} 27... Rh7 {[%clk 0:06:37]} 28. Bg5 {[%clk 0:17:58]} 28... fxg5
{[%clk 0:05:50]} 29. Bd1 {[%clk 0:17:59]} 29... e4 {[%clk 0:06:11]} 30. Rxe4
{[%clk 0:17:14]} 30... Qxf5 {[%clk 0:06:16]} 31. Qe3 {[%clk 0:15:52]} 31...
gxh4 {[%clk 0:05:48]} 32. gxh4 {[%clk 0:12:52]} 32... Qg6 {[%clk 0:04:26] } 33.
Bf3 {[%clk 0:12:20]} 33... Ne5 34. Rxe5 {[%clk 0:10:44]} 34... dxe5 { [%clk
0:05:13]} 35. Be4 {[%clk 0:11:05]} 35... Qg4 {[%clk 0:04:52]} 0-1

[Event "ODJM B 2019"]
[Site "Willingen GER"]
[Date "2019.06.14"]
[Round "8"]
[White "Knerr, Sebastian"]
[Black "Reuter, Julian-Frank"]
[Result "1-0"]
[Termination "normal"]
[Board "4"]
[WhiteElo "1685"]
[BlackElo "1733"]
[WhiteClock "00:12:52"]
[BlackClock "00:22:27"]
[PlyCount "63"]
[WhiteFideId "16266013"]
[BlackFideId "16256182"]
[EventCountry "GER"]
[EventRounds "9"]
[EventType "swiss"]
[EventDate "2019.06.08"]

1. e4 {[%clk 1:30:16]} 1... c5 {[%clk 1:30:54]} 2. Nf3 {[%clk 1:28:21]} 2... d6
{[%clk 1:31:20]} 3. d4 {[%clk 1:26:01]} 3... cxd4 {[%clk 1:31:43]} 4. Nxd4 {
[%clk 1:24:48]} 4... Nf6 {[%clk 1:32:04]} 5. Nc3 {[%clk 1:22:30]} 5... a6 {
[%clk 1:32:30]} 6. f3 {[%clk 1:20:30]} 6... e5 {[%clk 1:26:46]} 7. Nb3 { [%clk
1:19:06]} 7... Be7 {[%clk 1:27:08]} 8. Be3 {[%clk 1:16:51]} 8... Be6 { [%clk
1:27:17]} 9. Qd2 {[%clk 1:14:47]} 9... d5 {[%clk 1:24:34]} 10. exd5 { [%clk
1:13:44]} 10... Nxd5 {[%clk 1:24:52]} 11. O-O-O {[%clk 1:11:34]} 11... Nxe3
{[%clk 1:20:24]} 12. Qxe3 {[%clk 1:11:28]} 12... Qc7 {[%clk 1:14:11]} 13. Bd3
{[%clk 1:04:42]} 13... O-O {[%clk 1:11:55]} 14. h4 {[%clk 1:02:23]} 14... Nc6
{[%clk 1:09:41]} 15. g4 {[%clk 0:58:54]} 15... Nb4 {[%clk 1:09:34]} 16. Be4
{[%clk 0:57:16]} 16... Rfd8 {[%clk 1:06:10]} 17. a3 {[%clk 0:55:06]} 17... Bxb3
{[%clk 1:03:07]} 18. cxb3 {[%clk 0:53:07]} 18... Nc6 {[%clk 0:59:16]} 19. Kb1 {
[%clk 0:51:33]} 19... Nd4 {[%clk 0:50:58]} 20. Nd5 {[%clk 0:49:42]} 20... Qc5 {
[%clk 0:47:43]} 21. Rc1 {[%clk 0:48:28]} 21... Qd6 {[%clk 0:47:39]} 22. Rc7 {
[%clk 0:44:18]} 22... Bf8 {[%clk 0:46:26]} 23. Qg5 {[%clk 0:40:55]} 23... g6 {
[%clk 0:37:40]} 24. Nf6+ {[%clk 0:38:28]} 24... Kg7 {[%clk 0:36:52]} 25. h5 {
[%clk 0:32:00]} 25... Ne6 {[%clk 0:31:59]} 26. Rxf7+ {[%clk 0:14:33]} 26...
Kxf7 {[%clk 0:32:16]} 27. hxg6+ {[%clk 0:14:42]} 27... hxg6 {[%clk 0:27:44]}
28. Qxg6+ {[%clk 0:11:17]} 28... Ke7 {[%clk 0:28:03]} 29. Rh7+ {[%clk 0:11:39]}
29... Ng7 {[%clk 0:21:59]} 30. Rxg7+ {[%clk 0:11:58]} 30... Bxg7 { [%clk
0:22:04]} 31. Qxg7+ {[%clk 0:12:25]} 31... Ke6 {[%clk 0:22:27]} 32. Bf5# {[%clk
0:12:52]} 1-0

[Event "ODJM B 2019"]
[Site "Willingen GER"]
[Date "2019.06.14"]
[Round "8"]
[White "Petri, Ben-Luca"]
[Black "Seitz, Manuel"]
[Result "1/2-1/2"]
[Termination "normal"]
[Board "5"]
[WhiteElo "1895"]
[BlackElo "1710"]
[WhiteClock "01:14:40"]
[BlackClock "00:16:14"]
[PlyCount "106"]
[WhiteFideId "12947261"]
[BlackFideId "16215770"]
[EventCountry "GER"]
[EventRounds "9"]
[EventType "swiss"]
[EventDate "2019.06.08"]

1. e4 {[%clk 1:30:58]} 1... e5 {[%clk 1:30:47]} 2. Nf3 {[%clk 1:31:20]} 2...
Nc6 {[%clk 1:31:08]} 3. Bb5 {[%clk 1:31:45]} 3... a6 {[%clk 1:31:01]} 4. Bxc6 {
[%clk 1:29:30]} 4... dxc6 {[%clk 1:29:48]} 5. O-O {[%clk 1:29:56]} 5... Be6 {
[%clk 1:26:59]} 6. Nxe5 {[%clk 1:27:11]} 6... Qd4 {[%clk 1:25:02]} 7. Nf3 {
[%clk 1:27:17]} 7... Qxe4 {[%clk 1:24:29]} 8. Ng5 {[%clk 1:27:38]} 8... Qg6 {
[%clk 1:16:38]} 9. Nxe6 {[%clk 1:27:58]} 9... fxe6 {[%clk 1:16:56]} 10. d3 {
[%clk 1:27:57]} 10... O-O-O {[%clk 1:12:37]} 11. Nc3 {[%clk 1:27:42]} 11... Ne7
{[%clk 1:08:10]} 12. Bf4 {[%clk 1:23:01]} 12... Nf5 {[%clk 1:04:26]} 13. Ne4 {
[%clk 1:22:07]} 13... Bd6 {[%clk 0:56:58]} 14. Bxd6 {[%clk 1:20:50]} 14... cxd6
{[%clk 0:56:49]} 15. Ng3 {[%clk 1:19:56]} 15... Nxg3 {[%clk 0:54:00]} 16. hxg3
{[%clk 1:19:03]} 16... h5 {[%clk 0:50:21]} 17. Qe2 {[%clk 1:19:14]} 17... h4 {
[%clk 0:45:08]} 18. Rae1 {[%clk 1:17:38]} 18... Rde8 {[%clk 0:41:27]} 19. g4 {
[%clk 1:15:34]} 19... Qf6 {[%clk 0:38:58]} 20. c3 {[%clk 1:13:46]} 20... Kc7 {
[%clk 0:37:05]} 21. f4 {[%clk 1:11:25]} 21... Rhf8 {[%clk 0:32:30]} 22. d4 {
[%clk 1:03:56]} 22... Qh6 {[%clk 0:30:01]} 23. g5 {[%clk 1:03:11]} 23... Qg6 {
[%clk 0:27:10]} 24. Qg4 {[%clk 1:03:03]} 24... Rh8 {[%clk 0:25:56]} 25. Kh2 {
[%clk 1:02:02]} 25... d5 {[%clk 0:18:42]} 26. Re2 {[%clk 1:00:07]} 26... Kd6 {
[%clk 0:17:18]} 27. f5 {[%clk 0:53:06]} 27... exf5 {[%clk 0:15:09]} 28. Qf4+ {
[%clk 0:53:35]} 28... Kd7 {[%clk 0:15:08]} 29. Rxe8 {[%clk 0:52:50]} 29... Rxe8
{[%clk 0:13:15]} 30. Qxf5+ {[%clk 0:53:05]} 30... Qxf5 {[%clk 0:13:44]} 31.
Rxf5 {[%clk 0:53:25]} 31... Re2 {[%clk 0:09:32]} 32. Rf7+ {[%clk 0:53:37]}
32... Ke6 {[%clk 0:09:13]} 33. Rxb7 {[%clk 0:53:46]} 33... Kf5 {[%clk 0:08:45]}
34. Rf7+ {[%clk 0:49:45]} 34... Kg4 {[%clk 0:06:55]} 35. Rxg7 {[%clk 0:47:17]}
35... h3 {[%clk 0:06:21]} 36. Rh7 {[%clk 0:45:53]} 36... Rxg2+ {[%clk 0:05:35]}
37. Kh1 {[%clk 0:46:16]} 37... Kg3 {[%clk 0:02:09]} 38. Re7 {[%clk 0:46:44]}
38... Rxb2 {[%clk 0:00:59]} 39. Re3+ {[%clk 0:46:54]} 39... Kf4 {[%clk 0:00:58]
} 40. Rxh3 {[%clk 0:45:11]} 40... Kxg5 {[%clk 0:01:05]} 41. Rg3+ { [%clk
0:45:26]} 41... Kf5 {[%clk 0:30:12]} 42. Rf3+ {[%clk 1:16:25]} 42... Ke4 {[%clk
0:29:42]} 43. Rf6 {[%clk 1:15:52]} 43... Rb6 {[%clk 0:23:39]} 44. Kg2 { [%clk
1:15:16]} 44... Kd3 {[%clk 0:23:09]} 45. Rf3+ {[%clk 1:15:27]} 45... Kc2 {[%clk
0:22:59]} 46. Kg3 {[%clk 1:14:49]} 46... Kb2 {[%clk 0:22:57]} 47. Kf4 { [%clk
1:13:57]} 47... Kxa2 {[%clk 0:18:40]} 48. Ke5 {[%clk 1:14:01]} 48... Kb3 {[%clk
0:18:09]} 49. Kd6 {[%clk 1:13:43]} 49... Kc4 {[%clk 0:18:09]} 50. Kc7 { [%clk
1:13:44]} 50... Rb3 {[%clk 0:18:08]} 51. Kxc6 {[%clk 1:14:03]} 51... Rxc3
{[%clk 0:16:08]} 52. Rxc3+ {[%clk 1:14:25]} 52... Kxc3 {[%clk 0:16:36]} 53.
Kxd5 {[%clk 1:14:40]} 53... a5 {[%clk 0:16:14]} 1/2-1/2

[Event "ODJM B 2019"]
[Site "Willingen GER"]
[Date "2019.06.14"]
[Round "8"]
[White "Günther, Emil"]
[Black "Schmied, Elias"]
[Result "1-0"]
[Termination "normal"]
[Board "6"]
[WhiteElo "1689"]
[BlackElo "1669"]
[WhiteClock "00:23:49"]
[BlackClock "00:05:34"]
[PlyCount "89"]
[WhiteFideId "16228154"]
[BlackFideId "16255879"]
[EventCountry "GER"]
[EventRounds "9"]
[EventType "swiss"]
[EventDate "2019.06.08"]

1. Nf3 {[%clk 1:30:58]} 1... d5 {[%clk 1:30:56]} 2. c4 {[%clk 1:31:23]} 2... c6
{[%clk 1:31:08]} 3. b3 {[%clk 1:31:46]} 3... Nf6 {[%clk 1:30:46]} 4. g3 { [%clk
1:32:01]} 4... Bf5 {[%clk 1:29:12]} 5. Bb2 {[%clk 1:32:17]} 5... e6 { [%clk
1:28:55]} 6. Bg2 {[%clk 1:32:33]} 6... Be7 {[%clk 1:27:02]} 7. d3 { [%clk
1:32:45]} 7... O-O {[%clk 1:27:09]} 8. O-O {[%clk 1:33:07]} 8... Nbd7 { [%clk
1:26:42]} 9. Nbd2 {[%clk 1:28:00]} 9... Qc7 {[%clk 1:25:33]} 10. Rc1 { [%clk
1:27:36]} 10... Rfe8 {[%clk 1:21:37]} 11. Re1 {[%clk 1:27:35]} 11... Bg6 {[%clk
1:19:30]} 12. e4 {[%clk 1:24:47]} 12... dxe4 {[%clk 1:15:42]} 13. dxe4 { [%clk
1:24:29]} 13... e5 {[%clk 1:13:47]} 14. Qc2 {[%clk 1:20:25]} 14... Rad8 { [%clk
1:12:04]} 15. Qc3 {[%clk 1:17:24]} 15... a5 {[%clk 1:09:07]} 16. Re2 { [%clk
1:13:18]} 16... b6 {[%clk 1:04:39]} 17. a3 17... Bf8 {[%clk 1:01:05]} 18. b4
{[%clk 1:05:48]} 18... axb4 {[%clk 0:57:29]} 19. axb4 {[%clk 1:04:55]} 19...
Ra8 {[%clk 0:55:31]} 20. Ne1 {[%clk 1:03:15]} 20... Ra4 {[%clk 0:52:32]} 21.
Nd3 {[%clk 1:03:19]} 21... Bd6 {[%clk 0:44:52]} 22. h3 {[%clk 0:49:32]} 22...
c5 {[%clk 0:33:14]} 23. b5 {[%clk 0:49:35]} 23... Nf8 {[%clk 0:30:08]} 24. Rce1
{[%clk 0:37:09]} 24... N6d7 {[%clk 0:28:18]} 25. f4 {[%clk 0:36:57]} 25... f6 {
[%clk 0:27:17]} 26. f5 {[%clk 0:34:33]} 26... Bf7 {[%clk 0:27:43]} 27. Kh2 {
[%clk 0:32:50]} 27... Qa7 {[%clk 0:26:24]} 28. Nc1 {[%clk 0:28:07]} 28... Qa5 {
[%clk 0:20:00]} 29. Qd3 {[%clk 0:28:28]} 29... Be7 {[%clk 0:20:04]} 30. Bc3 {
[%clk 0:27:34]} 30... Qa7 {[%clk 0:19:15]} 31. Bf3 {[%clk 0:27:31]} 31... Ra3 {
[%clk 0:16:57]} 32. Rg2 {[%clk 0:27:19]} 32... Qa5 {[%clk 0:14:08]} 33. Bxa5 {
[%clk 0:27:24]} 33... Rxd3 {[%clk 0:14:30]} 34. Nxd3 {[%clk 0:27:43]} 34...
bxa5 {[%clk 0:14:56]} 35. Ra1 {[%clk 0:27:37]} 35... Ra8 {[%clk 0:14:21]} 36.
Ra3 {[%clk 0:27:48]} 36... Nb6 {[%clk 0:13:38]} 37. Nb2 {[%clk 0:27:59]} 37...
Rd8 {[%clk 0:10:06]} 38. Rxa5 {[%clk 0:26:12]} 38... Rd4 {[%clk 0:10:32]} 39.
Bd1 {[%clk 0:24:21]} 39... Nxc4 {[%clk 0:08:39]} 40. Nbxc4 {[%clk 0:24:36]}
40... Bxc4 {[%clk 0:09:04]} 41. Nxc4 {[%clk 0:24:43]} 41... Rxd1 { [%clk
0:09:30]} 42. Rb2 {[%clk 0:24:37]} 42... Rc1 {[%clk 0:08:43]} 43. Ra4 { [%clk
0:24:37]} 43... Nd7 {[%clk 0:06:14]} 44. Ra7 {[%clk 0:23:27]} 44... Rxc4 {[%clk
0:05:34]} 45. Rxd7 {[%clk 0:23:49]} 1-0

[Event "ODJM B 2019"]
[Site "Willingen GER"]
[Date "2019.06.14"]
[Round "8"]
[White "Zieringer, Sebastian"]
[Black "Lauterbach, Kolja"]
[Result "1-0"]
[Termination "normal"]
[Board "9"]
[WhiteElo "1825"]
[BlackElo "1662"]
[PlyCount "49"]
[WhiteFideId "16222008"]
[BlackFideId "16235916"]
[EventCountry "GER"]
[EventRounds "9"]
[EventType "swiss"]
[EventDate "2019.06.08"]

1. e4 e5 2. Bc4 Nc6 3. Nf3 Nf6 4. d4 exd4 5. e5 d5 6. Bb5 Ne4 7. Nxd4 Bd7 8.
Bxc6 bxc6 9. O-O Bc5 10. f3 Ng5 11. f4 Ne4 12. Be3 Bb6 13. c3 O-O 14. Nd2 f5
15. Nxe4 fxe4 16. Qh5 Be8 17. Qg4 c5 18. Ne6 Qd7 19. f5 d4 20. Nxf8 Kxf8 21. e6
Qc6 22. f6 Bg6 23. Bg5 Re8 24. f7 Rxe6 25. Be7+ 1-0